000 004520000a22001810004500
003 MACL
005 20151230150309.0
008 151230b xxu||||| |||| 00| 0 eng d
040 _aMACL
_cMACL
041 _aEnglish
082 _a320.4/MAJ
100 _aMajeed, abdul
_925009
245 _aStudy Package in Civics
260 _bTata Mcgraw Hill Publishing
_c1986
350 _a8
650 _aPolitical Science
_925010
942 _cBK
_k320.4/Nas
_2ddc
999 _c33830
_d33830